000 01003nam a2200265 a 4500
001 79387
003 BD-RjUL
005 20220521161056.0
008 220215s2006eng |||a|||| m||| 00| 0 eng d
035 _a(BD-RjUL)79387
040 _aBD-RjUL
_beng
_cBD-RjUL
_dBD-RjUL
041 _aeng
082 _a306.85
_bEMF 2006
_223
100 _aEmajuddin, Md.
_91354
245 0 1 _aFamily structure in A Village of Bangladesh :
_bA cross-cultural study /
_cBy Md. Emajuddin ;
_6Supervisor : AKM Shafiul Islam
260 _aRajshahi :
_bInstitute of Bangladesh Studies, University of Rajshahi,
_c2006
300 _axvi, 244 Leaves :
_bill. ;
_c29 cm.
502 _aThesis (Ph. D.) -- Institute of Bangladesh Studies, University of Rajshahi, 2006
504 _aBibliography : Leaves [233]-244
600 _z .
650 _aFamilies
_zBangladesh
_xCross-cultural studies
_91355
650 _aFamilies
_zBangladesh
_xStatistics
_93101
700 _aIslam, AKM Shafiul, Supervisor
_91356
942 _2ddc
_cTHE
999 _c79387
_d79387